Property agency and management principles, 1st edition (Record no. 121662)
[ view plain ]
| 000 -LEADER | |
|---|---|
| fixed length control field | 02432nam a22002657a 4500 |
| 008 - FIXED-LENGTH DATA ELEMENTS--GENERAL INFORMATION | |
| fixed length control field | 230911s2023 xxk|||||o|||| 00| 0 eng d |
| 041 ## - LANGUAGE CODE | |
| Language code of text/sound track or separate title | eng |
| 110 ## - MAIN ENTRY--CORPORATE NAME | |
| Corporate author | Royal Institution of Chartered Surveyors |
| 245 ## - TITLE STATEMENT | |
| Title | Property agency and management principles, 1st edition |
| Subtitle | a consultation |
| Medium | [Electronic resource] |
| 260 ## - PUBLICATION INFORMATION | |
| Place of publication | London, |
| Publisher | Royal Institution of Chartered Surveyors, |
| Date | 4 September 2023 |
| 300 ## - PHYSICAL DESCRIPTION | |
| Physical description | 7p. |
| 490 ## - SERIES TITLE | |
| Series statement | RICS Consultation |
| 500 ## - GENERAL NOTE | |
| General note | Consultation opened 4th September 2023, closes 16th October 2023 |
| 520 ## - ABSTRACT | |
| Abstract | Reflecting the changing nature of real estate and the work carried out by RICS members, this new professional standard covers residential and commercial auctioneering, property agency and property management as well as mixed-use real estate. Aiming to ensure that we not only reflect best practice now, but that we also drive forward the highest standards for the future, this professional standard addresses some areas that we haven’t covered before and we are keen to get feedback on how feasible this is. This standard is intended to replace, and significantly reduce the size of, the current Real Estate Agency and Brokerage 3rd edition (2016), creating a more succinct set of principles for RICS members and firms to follow, globally. These principles cover best practice in working with clients and managing business and staff. Other existing RICS documents that are being consolidated as part of this project are: Commercial Property Management in England and Wales, 2nd edition; Real Estate Management, 3rd edition; UK Commercial Real Estate Agency, 1st edition; UK Residential Real Estate Agency, 6th edition; Managing mixed use developments, 1st edition; RICS is currently working on new practical professional standards in both property agency and property management.<br/> |
| 650 ## - KEYWORDS | |
| Keywords | AGENCY |
| 650 ## - KEYWORDS | |
| Keywords | BLUE BOOK |
| 650 ## - KEYWORDS | |
| Keywords | RESIDENTIAL ESTATE AGENCY |
| 650 ## - KEYWORDS | |
| Keywords | REAL ESTATE AGENCY CODE |
| 651 ## - SUBJECT ADDED ENTRY--GEOGRAPHIC NAME | |
| Geographic name | United Kingdom |
| 690 ## - BROAD SUBJECT | |
| 9 (RLIN) | 6262 |
| Broad subject | Property management |
| 710 ## - ADDED CORPORATE NAME | |
| Added corporate author | Royal Institution of Chartered Surveyors |
| 856 ## - ONLINE RESOURCE | |
| Uniform Resource Identifier | <a href="https://consultations.rics.org/gf2.ti/f/1542850/177780997.1/PDF/-/Property%20agency%20and%20management%20principles_clean%20for%20consultation.pdf">https://consultations.rics.org/gf2.ti/f/1542850/177780997.1/PDF/-/Property%20agency%20and%20management%20principles_clean%20for%20consultation.pdf</a> |
| Public note | View the consultation document on RICS.org |
| 856 ## - ONLINE RESOURCE | |
| Uniform Resource Identifier | <a href="https://consultations.rics.org/propertyagencyandmanagement/">https://consultations.rics.org/propertyagencyandmanagement/</a> |
| Public note | View the RICS iConsult homepage on property agency |
| 942 ## - ADDED ENTRY ELEMENTS (KOHA) | |
| Suppress in OPAC | Do not suppress in OPAC |
| Lost status | Damaged status | Not for loan | Current library | Shelving location | Date acquired | Total Checkouts | Full call number | Date last seen | Price effective from | Koha item type |
|---|---|---|---|---|---|---|---|---|---|---|
| Virtual | Online | 11/09/2023 | RICS iConsult | 11/09/2023 | 11/09/2023 | Online material |